Projektové řízení pro začátečníky

Salvato in:
Dettagli Bibliografici
Autore principale: Štefánek, Radoslav
Natura: Libro
Lingua:ceco
Pubblicazione: Brno Computer Press 2011
Soggetti:
Tags: Aggiungi Tag
Nessun Tag, puoi essere il primo ad aggiungerne!!

MARC

LEADER 00000nam a2200000 4500
001 0146006
005 20240313133425.1
020 |a 978-80-251-2835-0 
041 0 |a cze 
044 |a CZ 
245 1 0 |a Projektové řízení pro začátečníky  |c Radoslav Štefánek ... [et al.] 
264 1 |a Brno  |b Computer Press  |c 2011 
300 |a 304 s. 
610 2 0 |a projekty 
610 2 0 |a riadenie projektové 
610 2 0 |a plán 
610 2 0 |a financovanie 
610 2 0 |a tímy pracovné 
610 2 0 |a manažéri 
610 2 0 |a štúdie prípadové 
100 1 |a Štefánek, Radoslav